<?xml version="1.0" encoding="UTF-8"?>
<record
    xmlns:xsi="http://www.w3.org/2001/XMLSchema-instance"
    xsi:schemaLocation="http://www.loc.gov/MARC21/slim http://www.loc.gov/standards/marcxml/schema/MARC21slim.xsd"
    xmlns="http://www.loc.gov/MARC21/slim">

  <leader>00697nam a22001577a 4500</leader>
  <controlfield tag="005">20250811113518.0</controlfield>
  <controlfield tag="008">250811b        |||||||| |||| 00| 0 eng d</controlfield>
  <datafield tag="050" ind1=" " ind2=" ">
    <subfield code="a">THE S 494.5 .P47 K4 N93</subfield>
    <subfield code="b">C.1</subfield>
  </datafield>
  <datafield tag="100" ind1=" " ind2=" ">
    <subfield code="a">Nyagwansa, Rose Nyansarora</subfield>
  </datafield>
  <datafield tag="245" ind1=" " ind2=" ">
    <subfield code="a">Effectiveness of Selected Advisory Channels on Safe Use of Pesticides in Kale Production Among the Small Scale Farmers in Kisii County</subfield>
  </datafield>
  <datafield tag="260" ind1=" " ind2=" ">
    <subfield code="a">Kisii</subfield>
    <subfield code="b">Kisii University</subfield>
    <subfield code="c">2021</subfield>
  </datafield>
  <datafield tag="300" ind1=" " ind2=" ">
    <subfield code="a">xviii, 99p.:ill.</subfield>
  </datafield>
  <datafield tag="500" ind1=" " ind2=" ">
    <subfield code="a">Includes bibliographical references</subfield>
  </datafield>
  <datafield tag="650" ind1=" " ind2=" ">
    <subfield code="a">1. Pesticides - Safety measures - Kenya. 2. Agricultural extension work - Kenya. 3. Kale - Kenya - Postharvest technology. 4. Small farms - Kenya.</subfield>
  </datafield>
  <datafield tag="942" ind1=" " ind2=" ">
    <subfield code="2">lcc</subfield>
    <subfield code="c">REF</subfield>
  </datafield>
  <datafield tag="999" ind1=" " ind2=" ">
    <subfield code="c">216010</subfield>
    <subfield code="d">216010</subfield>
  </datafield>
  <datafield tag="952" ind1=" " ind2=" ">
    <subfield code="0">0</subfield>
    <subfield code="1">0</subfield>
    <subfield code="2">lcc</subfield>
    <subfield code="4">0</subfield>
    <subfield code="6">THE S  00494.00005 .P00047 K00004 N00093</subfield>
    <subfield code="7">0</subfield>
    <subfield code="8">SC</subfield>
    <subfield code="9">372801</subfield>
    <subfield code="a">KSUL</subfield>
    <subfield code="b">KSUL</subfield>
    <subfield code="d">2025-08-11</subfield>
    <subfield code="i">109409</subfield>
    <subfield code="l">0</subfield>
    <subfield code="o">THE S 494.5 .P47 K4 N93</subfield>
    <subfield code="p">000000024318</subfield>
    <subfield code="r">2025-08-11 11:36:37</subfield>
    <subfield code="t">C.1</subfield>
    <subfield code="w">2025-08-11</subfield>
    <subfield code="y">REF</subfield>
  </datafield>
</record>
